000 00601nam a22001934a 4500
005 20250509114531.0
010 _aENG-144908
020 _a9788194201847
_c595.00
035 _aEN-128440
037 _bDBAD
082 _a305.697
100 _aParvaiz, Aslam
_981148
245 _aThe Scientific Muslim/
_cAslam Parvaiz
260 _aDelhi
_bKonark Publishers
_c2021
270 _aA-149, Main Vikas Marg,
_bDelhi
_e110092
_mkonarkpublishers@hotmail.com
300 _axxiii, 184p.
_c23cm(pb)
500 _aUnderstanding Islam in a New Light
942 _2ddc
_cEN
_mPAR
_h305.697
999 _c211251
_d211251